| 000 | 00565nam a2200181Ia 4500 | ||
|---|---|---|---|
| 008 | 100921s9999 xx 000 0 und d | ||
| 082 |
_b14860 _a891.468 ढ 96 |
||
| 100 | _aचिपळूणकर विष्णुशास्त्री. | ||
| 245 | _aकिरकोळ लेख. | ||
| 260 |
_b--- _c1896 |
||
| 300 |
_a242 _b--- |
||
| 365 | _b1 | ||
| 520 | _aललित-संकीर्ण. | ||
| 630 | _aकिरकोळ लेख. | ||
| 650 | _aललित-संकीर्ण. | ||
| 730 | _aकिरकोळ लेख. | ||
| 942 | _cBOOK | ||
| 999 |
_c763973 _d763970 |
||